• 首页
  • 本馆介绍
  • 公告通知
  • 最新文献
  • 馆藏检索
  • 电子资源
  • 读者导购
  • 参考咨询
  • 我的图书馆
  • 登录
  • 详细信息显示
  • 放入我的书架
  • 预约/预借图书
  • 作者相关作品
  • 分类相关作品
  • 丛书相关作品
  • 出版社相关作品

书目信息

  • 表格格式
  • 工作单格式
  • 卡片格式
题名:
英语集中速成识字
    
 
作者: 蒋争 著
分册:  
出版信息: 北京   北京师范大学出版社  1984
页数: 615页
开本: 19cm
丛书名:
单 册:
中图分类: H314.1
科图分类:
主题词: 英语-构词法 , 构词法-英语
电子资源:
ISBN:
000 00763nam0 2200265 45
001 0184003611
005 20040507100206.8
010    @dCNY2.20
091    @a9248.26
100    @a19950609d1984 em y0chiy0121 ea
101 0  @achi
102    @aCN@b110000
105    @ay z 000yy
106    @ar
200 10 @a英语集中速成识字@Aying yu ji zhong su cheng shi zi@dA easy way to increase your vocabulary@zeng@f蒋争著
210    @a北京@c北京师范大学出版社@d1984
215    @a615页@d19cm
510 1  @aA easy way to increase your vocabulary@zeng
606    @a英语-构词法
606    @a构词法-英语
690    @aH314.1@v3
701  0 @a蒋争@Ajiang zheng@4著
801  0 @aCN@b上海图书馆@c20040507
801  2 @aCN@bNLC@c20040507
905    @f1@b134939@dH314.1@e124
    
    英语集中速成识字=A easy way to increase your vocabulary/蒋争著.-北京:北京师范大学出版社,1984
    615页;19cm
    
    
    ISBN :CNY2.20
    
●
相关链接 在E读中查询图书 在五车中查询图书 在当当中查询图书 在豆瓣中查询图书


正题名:英语集中速成识字     索取号:H314.1/124         预约/预借

序号 登录号 条形码 馆藏地/架位号 状态 备注
1 0131580   001370992   第四借阅区/ [索取号:H314.1/124] 在馆    
2 0131581   001371116   第四借阅区/ [索取号:H314.1/124] 在馆    
3 0131583   001371072   第四借阅区/ [索取号:H314.1/124] 在馆    
4 0131584   001371036   第二样本阅览室/ [索取号:H314.1/124] 在馆    
5 0134937   001371143   第四借阅区/ [索取号:H314.1/124] 在馆    
6 0134939   001371223   第四借阅区/ [索取号:H314.1/124] 在馆    
7 0134940   001371189   第四借阅区/ [索取号:H314.1/124] 在馆    
唐山师范学院图书馆 欢迎您!
大连网信软件有限公司© 版权所有